000 00860nam0a22002411 4500
001 v19\rc\1716378
005 20260407025136.0
035 _a(NLR Aleph) 004815027
090 _a4964624
_c4964624
100 _a20061002d1900 |||y0rusy50 ca
101 0 _arus
102 _aRU
105 _ay z |||||
200 1 _aИнструкция околоточному дорожному мастеру и его заместителю
_fАО Мальцов. з-дов. Мальцов. узко-колейн. ж. д. Служба пути и зданий
210 _aБрянск
_d1900
215 _a43 с.
710 0 2 _aМальцовская железная дорога
_3RU\NLR\AUTH\8810010889
_9519454
801 0 _aRU
_bNLR
_gpsbo
801 0 _aRU
_bRuMoRGB
_2psbo
801 1 _aRU
_bProSoft-M
_2rusmarc
852 _aNLR
_j20.62.2.142
942 _cBOOK
980 _aNB